Methods of teaching social studies / (Record no. 76187)

MARC details
000 -LEADER
fixed length control field 00652nam a22002057a 4500
005 - DATE AND TIME OF LATEST TRANSACTION
control field 20130916124631.0
010 ## - LCCN (DPL NO)
LC control number ENG-107306
020 ## - INTERNATIONAL STANDARD BOOK NUMBER
International Standard Book Number 9788183163392
Terms of availability 700.00
035 ## - SYSTEM CONTROL NUMBER
System control number EN-90839
037 ## - SOURCE OF ACQUISITION
Source of stock number/acquisition DBAD/PUB
082 ## - DEWEY DECIMAL CLASSIFICATION NUMBER
Classification number 372.83044
100 ## - MAIN ENTRY--PERSONAL NAME
Personal name Dash, B.N
245 ## - TITLE STATEMENT
Title Methods of teaching social studies /
Statement of responsibility, etc by B.N.Dash [and] I.V.Radhakrishna Murthy
260 ## - PUBLICATION, DISTRIBUTION, ETC. (IMPRINT)
Place of publication, distribution, etc Hyderabad
Name of publisher, distributor, etc Neelkamal Publications
Date of publication, distribution, etc 2012
270 ## - ADDRESS
Address Sultan Bazar
City Hyderabad
Postal code 500095
300 ## - PHYSICAL DESCRIPTION
Extent xi,310p.
Dimensions 22cm(Hb)
500 ## - GENERAL NOTE
General note Includes bibliographical references and index
700 ## - ADDED ENTRY--PERSONAL NAME
Personal name Radhakrishna Murthy, I.V.
942 ## - ADDED ENTRY ELEMENTS (KOHA)
Source of classification or shelving scheme Dewey Decimal Classification
Item type English Books
Call number suffix DAS
Classification part 372.83044
Holdings
Withdrawn status Lost status Not for loan Collection code Home library Current library Date acquired Source of acquisition Cost, normal purchase price Full call number Barcode Copy number Cost, replacement price Koha item type
    Not For Loan Non-fiction D.B.Act.Division D.B.Act.Division 27/05/2013 DBAD / PUB 700.00 372.83044 DAS EN-90839 1 700.00 English Books

© Delhi Public Library
Hit Counter
free hit counter